000 00749nam a2200181Ia 4500
008 090124s9999 xx 000 0 und d
082 _b40242
100 _aघाणेकर प्र. के.
245 _a प्रतापगड महाबळेश्र्वर परिसर दर्शन
250 _a1
260 _bस्नेहल प्रकाशन
_c2003
300 _a128
600 _aघाणेकर प्र. के.
630 _a प्रतापगड महाबळेश्र्वर परिसर दर्शन
700 _aघाणेकर प्र. के.
730 _a प्रतापगड महाबळेश्र्वर परिसर दर्शन
942 _cBOOK
999 _c105773
_d105773